000 00769nam a2200217 i 4500
001 60010
003 ES-MaACL
005 20230906164135.0
007 t|
008 031031s1970 sp f |||| | spa d
245 0 3 _aEl Ermitage, Leningrado
_b: maestros franceses del siglo XIX /
_cprefacio de A.N. Izerguina ; [traducción de P. Calders y J. Moncada ; texto revisado por J. Soler Vidal].
260 _aBarcelona :
_bMontaner y Simón,
_c[1970]
300 _aXIV p., 90 lám. ;
_c31 cm.
610 2 4 _aGosudarstvennyj Èrmitaz.
_9157954
650 4 _aPintura francesa-
_yS.XIX.
_9156487
700 1 _aIzerguina, A. N.
_965690
700 1 _aCalders, P.
_933635
700 1 _aMoncada, J.
_982118
700 1 _aSoler Vidal, Josep.
_9107196
852 _aES-MaACL
_jC-41696
999 _c60010
_d60010